| 000 | 00553nam a22001817a 4500 | ||
|---|---|---|---|
| 005 | 20251108164947.0 | ||
| 008 | 250721s9999 xx 000 0 ara d | ||
| 082 | 1 | 4 | _a320.973/فقي |
| 100 | 1 | _aفقيه، شادي | |
| 245 | 1 | 0 | _aمن يحكم أمريكا اللوبيات الحاكمة و آليات صنع القرار / |
| 264 | _bدار القلم، | ||
| 300 | _a204.ص. | ||
| 650 | 1 | 7 | _aالولايات المتحدة |
| 650 | 1 | 7 | _aالصهيونية |
| 650 | 1 | 7 | _aالاحوال السياسية |
| 942 |
_2ddc _cBK |
||
| 999 |
_c18469 _d18469 |
||